[Event "Irena Warakomska Memorial B"]
[Site "Suwalki"]
[Date "2020.08.10"]
[Round "6"]
[White "Rak, Tomasz"]
[Black "Cwiek, Ryszard"]
[Result "1-0"]
[Board "4"]
[WhiteElo "1882"]
[WhiteCountry "POL"]
[WhiteFideId "1133560"]
[WhiteEloChange "10"]
[BlackElo "1867"]
[BlackCountry "POL"]
[BlackFideId "21840920"]
[BlackEloChange "-10"]

1. Nf3 {[%clk 1:30:59]} d5 {[%clk 1:30:44]} 2. d4 {[%clk 1:30:07]} Nf6 {[%clk
1:29:50]} 3. c4 {[%clk 1:30:31]} e6 {[%clk 1:29:26]} 4. Bg5 {[%clk 1:30:39]} Be7
{[%clk 1:28:27]} 5. Nbd2 {[%clk 1:30:02]} b6 {[%clk 1:25:45]} 6. e3 {[%clk
1:29:31]} Bb7 {[%clk 1:24:46]} 7. Be2 {[%clk 1:25:41]} Nbd7 {[%clk 1:24:35]} 8.
O-O {[%clk 1:25:38]} O-O {[%clk 1:24:58]} 9. Rc1 {[%clk 1:21:36]} c5 {[%clk
1:21:37]} 10. Qb3 {[%clk 1:20:33]} h6 {[%clk 1:07:21]} 11. Bf4 {[%clk 1:17:19]}
Nh5 {[%clk 0:56:36]} 12. Be5 {[%clk 1:11:19]} f6 {[%clk 0:56:24]} 13. Bg3 {[%clk
1:11:33]} Nxg3 {[%clk 0:56:49]} 14. hxg3 {[%clk 1:10:08]} f5 {[%clk 0:55:29]} 15.
Rfd1 {[%clk 1:06:18]} cxd4 {[%clk 0:43:40]} 16. Nxd4 {[%clk 1:04:34]} Nc5 {[%clk
0:43:35]} 17. Qc2 {[%clk 1:04:45]} Qd7 {[%clk 0:41:47]} 18. b4 {[%clk 0:56:04]}
Ne4 {[%clk 0:40:01]} 19. Nxe4 {[%clk 0:56:11]} fxe4 {[%clk 0:40:16]} 20. Bg4
{[%clk 0:55:12]} Rf6 {[%clk 0:39:41]} 21. Nxe6 {[%clk 0:49:09]} Rxe6 {[%clk
0:31:43]} 22. cxd5 {[%clk 0:49:16]} Bxd5 {[%clk 0:31:45]} 23. Qd2 {[%clk
0:48:46]} Rd8 {[%clk 0:20:35]} 24. Qxd5 {[%clk 0:48:42]} Qxd5 {[%clk 0:20:58]}
25. Rxd5 {[%clk 0:48:54]} Red6 {[%clk 0:21:18]} 26. Rxd6 {[%clk 0:44:10]} Rxd6
{[%clk 0:21:35]} 27. Rc7 {[%clk 0:43:06]} Bf6 {[%clk 0:21:49]} 28. Rxa7 {[%clk
0:42:44]} Rd2 {[%clk 0:22:00]} 29. Rb7 {[%clk 0:39:38]} Kf8 {[%clk 0:21:48]} 30.
Be6 {[%clk 0:34:47]} Rd1+ {[%clk 0:20:00]} 31. Kh2 {[%clk 0:35:14]} Rd2 {[%clk
0:20:24]} 32. Rxb6 {[%clk 0:33:27]} Rxf2 {[%clk 0:20:43]} 33. Ra6 {[%clk
0:32:28]} Be5 {[%clk 0:20:11]} 34. Bd5 {[%clk 0:30:00]} h5 {[%clk 0:19:39]} 35.
Re6 {[%clk 0:29:50]} Bc7 {[%clk 0:18:57]} 36. Rxe4 {[%clk 0:29:18]} g5 {[%clk
0:19:17]} 37. Bb3 {[%clk 0:20:49]} h4 {[%clk 0:19:13]} 38. Kh3 {[%clk 0:20:12]}
Bxg3 {[%clk 0:19:31]} 39. b5 {[%clk 0:19:49]} Kg7 {[%clk 0:17:22]} 40. b6 {[%clk
0:49:18]} Kf6 {[%clk 0:47:34]} 41. b7 {[%clk 0:48:27]} Kf5 {[%clk 0:47:55]} 42.
Rc4 {[%clk 0:45:46]} Re2 {[%clk 0:40:47]} 43. Rc5+ {[%clk 0:40:23]} Kf6 {[%clk
0:41:03]} 44. Rc6+ {[%clk 0:37:45]} Kf5 {[%clk 0:39:39]} 45. Be6+ {[%clk
0:36:41]} Ke4 {[%clk 0:39:52]} 46. Rc4+ {[%clk 0:35:47]} Kd3 {[%clk 0:39:12]} 47.
Rg4 {[%clk 0:33:08]} Rxe3 {[%clk 0:37:40]} 48. Rxg3 {[%clk 0:31:57]} g4+ {[%clk
0:37:45]} 49. Kxh4 {[%clk 0:31:32]} Rxg3 {[%clk 0:38:07]} 50. Kxg3 {[%clk
0:31:44]} Kd4 {[%clk 0:38:34]} 51. b8=Q {[%clk 0:31:54]} Ke4 {[%clk 0:38:54]} 52.
Qf4+ {[%clk 0:32:08]} Kd3 {[%clk 0:39:18]} 53. Bb3 {[%clk 0:31:46]} Ke2 {[%clk
0:39:30]} 54. Bc2 {[%clk 0:31:15]} Ke1 {[%clk 0:39:47]} 55. Qf2# {[%clk 0:31:39]}
1-0

[Event "Irena Warakomska Memorial B"]
[Site "Suwalki"]
[Date "2020.08.10"]
[Round "6"]
[White "Kitewski, Bartosz"]
[Black "Sapeta, Robert"]
[Result "0-1"]
[Board "5"]
[WhiteElo "1718"]
[WhiteCountry "POL"]
[WhiteFideId "21854491"]
[WhiteEloChange "-5"]
[BlackElo "1895"]
[BlackCountry "POL"]
[BlackFideId "1118676"]
[BlackEloChange "5"]

1. d4 {[%clk 1:30:57]} d6 {[%clk 1:29:03]} 2. Nf3 {[%clk 1:30:03]} Nf6 {[%clk
1:26:53]} 3. c4 {[%clk 1:29:54]} g6 {[%clk 1:27:05]} 4. Nc3 {[%clk 1:30:18]} Bg7
{[%clk 1:27:31]} 5. e4 {[%clk 1:30:42]} O-O {[%clk 1:27:56]} 6. Be2 {[%clk
1:30:41]} Nbd7 {[%clk 1:25:48]} 7. O-O {[%clk 1:30:39]} e5 {[%clk 1:25:16]} 8. d5
{[%clk 1:29:11]} Nc5 {[%clk 1:24:23]} 9. Qc2 {[%clk 1:24:38]} a5 {[%clk 1:24:03]}
10. Ne1 {[%clk 1:24:54]} Bd7 {[%clk 1:15:51]} 11. Be3 {[%clk 1:20:36]} b6 {[%clk
1:11:25]} 12. b3 {[%clk 1:18:56]} Nfxe4 {[%clk 1:07:36]} 13. Nxe4 {[%clk
1:17:47]} Nxe4 {[%clk 1:08:03]} 14. Rc1 {[%clk 1:09:58]} f5 {[%clk 1:07:08]} 15.
a3 {[%clk 1:08:22]} Nf6 {[%clk 0:49:01]} 16. f3 {[%clk 1:06:48]} Qe7 {[%clk
0:48:02]} 17. b4 {[%clk 1:00:54]} axb4 {[%clk 0:48:15]} 18. axb4 {[%clk 1:00:47]}
Ra3 {[%clk 0:47:56]} 19. Bf2 {[%clk 1:00:06]} Nh5 {[%clk 0:39:38]} 20. c5 {[%clk
0:50:17]} bxc5 {[%clk 0:39:33]} 21. bxc5 {[%clk 0:50:08]} Nf4 {[%clk 0:38:05]}
22. Bc4 {[%clk 0:43:35]} e4 {[%clk 0:24:13]} 23. fxe4 {[%clk 0:23:54]} Qg5 {[%clk
0:17:42]} 24. Bg3 {[%clk 0:13:55]} Rxg3 {[%clk 0:12:06]} 25. hxg3 {[%clk
0:13:31]} Bd4+ {[%clk 0:12:28]} 26. Rf2 {[%clk 0:12:54]} Qxg3 {[%clk 0:12:16]}
27. Kf1 {[%clk 0:11:56]} fxe4 {[%clk 0:12:14]} 28. Rd1 {[%clk 0:05:08]} Qh2
{[%clk 0:09:04]} 0-1

[Event "Irena Warakomska Memorial B"]
[Site "Suwalki"]
[Date "2020.08.10"]
[Round "6"]
[White "Widelski, Kacper"]
[Black "Ciszewski, Krzysztof"]
[Result "1-0"]
[Board "7"]
[WhiteElo "1879"]
[WhiteCountry "POL"]
[WhiteFideId "1159950"]
[WhiteEloChange "6"]
[BlackElo "1728"]
[BlackCountry "POL"]
[BlackFideId "21853509"]
[BlackEloChange "-6"]

1. e4 {[%clk 1:29:59]} c5 {[%clk 1:30:55]} 2. Nf3 {[%clk 1:30:22]} d6 {[%clk
1:31:21]} 3. d4 {[%clk 1:30:48]} cxd4 {[%clk 1:31:47]} 4. Nxd4 {[%clk 1:31:13]}
Nf6 {[%clk 1:32:10]} 5. Nc3 {[%clk 1:31:37]} a6 {[%clk 1:32:35]} 6. Bc4 {[%clk
1:32:02]} e6 {[%clk 1:32:50]} 7. O-O {[%clk 1:32:24]} Be7 {[%clk 1:32:30]} 8. a4
{[%clk 1:32:23]} Nc6 {[%clk 1:28:41]} 9. Be3 {[%clk 1:32:03]} Qc7 {[%clk
1:28:03]} 10. Qe2 {[%clk 1:27:17]} O-O {[%clk 1:26:04]} 11. Rad1 {[%clk 1:24:00]}
Ne5 {[%clk 1:14:07]} 12. Bb3 {[%clk 1:22:09]} b6 {[%clk 0:59:50]} 13. f4 {[%clk
1:09:25]} Nc6 {[%clk 0:57:35]} 14. f5 {[%clk 1:01:18]} Nxd4 {[%clk 0:56:27]} 15.
Bxd4 {[%clk 1:01:20]} Re8 {[%clk 0:39:28]} 16. Qf2 {[%clk 0:42:15]} Bd8 {[%clk
0:34:38]} 17. Qg3 {[%clk 0:41:25]} e5 {[%clk 0:33:24]} 18. Be3 {[%clk 0:39:30]}
Kf8 {[%clk 0:32:01]} 19. Bg5 {[%clk 0:33:45]} Bb7 {[%clk 0:27:37]} 20. Bxf6
{[%clk 0:32:13]} Bxf6 {[%clk 0:27:15]} 21. Nd5 {[%clk 0:32:22]} Bxd5 {[%clk
0:26:58]} 22. Rxd5 {[%clk 0:32:32]} Rab8 {[%clk 0:25:29]} 23. Qd3 {[%clk
0:32:38]} a5 {[%clk 0:20:18]} 24. Rxd6 {[%clk 0:31:40]} Qc5+ {[%clk 0:20:11]} 25.
Kh1 {[%clk 0:31:53]} Rbd8 {[%clk 0:19:52]} 26. Rd5 {[%clk 0:31:24]} Rxd5 {[%clk
0:19:37]} 27. Bxd5 {[%clk 0:29:33]} h5 {[%clk 0:18:57]} 28. c3 {[%clk 0:27:19]}
h4 {[%clk 0:17:46]} 29. Qc4 {[%clk 0:20:11]} Qe3 {[%clk 0:16:10]} 30. Bxf7 {[%clk
0:13:27]} Rb8 {[%clk 0:06:30]} 31. Bh5 {[%clk 0:13:33]} g6 {[%clk 0:05:31]} 32.
Bxg6 {[%clk 0:13:15]} 1-0

[Event "Irena Warakomska Memorial B"]
[Site "Suwalki"]
[Date "2020.08.10"]
[Round "6"]
[White "Czech, Mieczyslaw"]
[Black "Racis, Michal"]
[Result "1-0"]
[Board "9"]
[WhiteElo "1863"]
[WhiteCountry "POL"]
[WhiteFideId "1118862"]
[WhiteEloChange "3"]
[BlackElo "1554"]
[BlackCountry "POL"]
[BlackFideId "21886717"]
[BlackEloChange "-3"]

1. e4 {[%clk 1:30:53]} e5 {[%clk 1:30:49]} 2. Nf3 {[%clk 1:31:11]} Nf6 {[%clk
1:30:31]} 3. Nxe5 {[%clk 1:30:59]} d6 {[%clk 1:30:41]} 4. Nf3 {[%clk 1:31:14]}
Nxe4 {[%clk 1:31:02]} 5. Qe2 {[%clk 1:30:12]} Qe7 {[%clk 1:30:33]} 6. d3 {[%clk
1:30:01]} Nf6 {[%clk 1:25:06]} 7. Bg5 {[%clk 1:30:00]} Qxe2+ {[%clk 1:25:26]} 8.
Bxe2 {[%clk 1:11:13]} Be7 {[%clk 1:25:26]} 9. O-O {[%clk 1:29:45]} O-O {[%clk
1:25:27]} 10. Re1 {[%clk 1:29:52]} Re8 {[%clk 1:05:31]} 11. Nbd2 {[%clk 1:29:04]}
Bd7 {[%clk 0:51:36]} 12. d4 {[%clk 1:27:58]} h6 {[%clk 0:44:31]} 13. Bh4 {[%clk
1:27:51]} g5 {[%clk 0:43:15]} 14. Bg3 {[%clk 1:28:04]} Nh5 {[%clk 0:40:29]} 15.
Nf1 {[%clk 1:16:50]} Bf6 {[%clk 0:28:47]} 16. c3 {[%clk 1:16:15]} Nc6 {[%clk
0:21:43]} 17. N3d2 {[%clk 1:12:40]} Nxg3 {[%clk 0:20:59]} 18. Nxg3 {[%clk
1:12:06]} Ne7 {[%clk 0:17:18]} 19. Bd3 {[%clk 1:11:52]} Ng6 {[%clk 0:13:53]} 20.
Nde4 {[%clk 1:04:39]} Bg7 {[%clk 0:12:43]} 21. Nh5 {[%clk 1:03:50]} Kf8 {[%clk
0:08:41]} 22. Nef6 {[%clk 1:01:10]} Bxf6 {[%clk 0:08:24]} 23. Nxf6 {[%clk
1:01:00]} Rxe1+ {[%clk 0:08:02]} 24. Rxe1 {[%clk 1:01:10]} Rd8 {[%clk 0:07:29]}
25. Bxg6 {[%clk 0:47:48]} fxg6 {[%clk 0:07:39]} 26. f3 {[%clk 0:42:43]} Kf7
{[%clk 0:06:58]} 27. Nd5 {[%clk 0:41:41]} c6 {[%clk 0:06:31]} 28. Ne3 {[%clk
0:41:04]} Bf5 {[%clk 0:04:53]} 29. Kf2 {[%clk 0:40:51]} Rd7 {[%clk 0:03:06]} 30.
g4 {[%clk 0:40:54]} Be6 {[%clk 0:02:24]} 31. c4 {[%clk 0:40:13]} Kf6 {[%clk
0:02:31]} 32. Rc1 {[%clk 0:38:34]} Bf7 {[%clk 0:01:47]} 33. b3 {[%clk 0:35:55]}
Be8 {[%clk 0:01:07]} 34. Re1 {[%clk 0:35:23]} Bf7 {[%clk 0:01:27]} 35. Nf1 {[%clk
0:34:03]} Re7 {[%clk 0:01:02]} 36. Re4 {[%clk 0:33:36]} b5 {[%clk 0:00:50]} 37.
Rxe7 {[%clk 0:31:07]} Kxe7 {[%clk 0:01:15]} 38. Nd2 {[%clk 0:31:35]} a5 {[%clk
0:01:16]} 39. a3 {[%clk 0:31:39]} a4 {[%clk 0:01:14]} 40. cxb5 {[%clk 1:01:30]}
cxb5 {[%clk 0:31:36]} 41. bxa4 {[%clk 1:00:49]} bxa4 {[%clk 0:32:00]} 42. Ke3
{[%clk 1:01:08]} Bd5 {[%clk 0:30:52]} 43. Kd3 {[%clk 1:00:46]} Ke6 {[%clk
0:10:54]} 44. Ke3 {[%clk 0:54:52]} Ke7 {[%clk 0:07:13]} 45. Ne4 {[%clk 0:55:01]}
Ke6 {[%clk 0:05:38]} 46. Kd3 {[%clk 0:53:17]} Ke7 {[%clk 0:04:49]} 47. Kc3 {[%clk
0:53:13]} Ke6 {[%clk 0:04:23]} 48. Kb4 {[%clk 0:53:02]} Bc6 {[%clk 0:02:58]} 49.
Kc3 {[%clk 0:52:49]} Bd5 {[%clk 0:03:05]} 50. Kd3 {[%clk 0:52:56]} Ke7 {[%clk
0:03:03]} 51. Ke3 {[%clk 0:52:41]} Ke6 {[%clk 0:03:23]} 52. Nc3 {[%clk 0:50:47]}
Bc6 {[%clk 0:03:28]} 53. Ke2 {[%clk 0:49:45]} Bd7 {[%clk 0:02:14]} 54. Kd3 {[%clk
0:49:47]} Bc6 {[%clk 0:02:24]} 55. Ke3 {[%clk 0:49:58]} d5 {[%clk 0:00:43]} 56.
Kd3 {[%clk 0:49:09]} Kd6 {[%clk 0:00:53]} 57. Ke3 {[%clk 0:48:09]} Ke6 {[%clk
0:01:15]} 58. Kd2 {[%clk 0:47:50]} Ke7 {[%clk 0:01:24]} 59. Kc2 {[%clk 0:47:38]}
Kd7 {[%clk 0:01:33]} 60. Nb1 {[%clk 0:47:50]} Bb5 {[%clk 0:01:44]} 61. Kc3 {[%clk
0:48:02]} Be2 {[%clk 0:01:59]} 62. Nd2 {[%clk 0:48:30]} Bd1 {[%clk 0:02:18]} 63.
Kb4 {[%clk 0:48:04]} Kc6 {[%clk 0:02:06]} 64. Kc3 {[%clk 0:47:24]} Kd6 {[%clk
0:02:29]} 65. Kd3 {[%clk 0:47:37]} Ke6 {[%clk 0:02:44]} 66. Ke3 {[%clk 0:47:46]}
Kf6 {[%clk 0:02:39]} 67. Nb1 {[%clk 0:47:48]} Ke6 {[%clk 0:02:14]} 68. Nc3 {[%clk
0:48:08]} Bb3 {[%clk 0:02:37]} 69. Ne2 {[%clk 0:48:09]} Bd1 {[%clk 0:02:35]} 70.
Nc1 {[%clk 0:48:29]} Ke7 {[%clk 0:01:51]} 71. Nd3 {[%clk 0:48:52]} Ke6 {[%clk
0:01:55]} 72. Ne5 {[%clk 0:49:11]} Kf6 {[%clk 0:01:53]} 73. Kd2 {[%clk 0:49:27]}
Bb3 {[%clk 0:02:09]} 74. Kc3 {[%clk 0:49:54]} Bd1 {[%clk 0:02:17]} 75. Kb4 {[%clk
0:49:42]} Bc2 {[%clk 0:02:13]} 76. Kc5 {[%clk 0:49:46]} Ke6 {[%clk 0:02:09]} 77.
Kc6 {[%clk 0:50:02]} Bb1 {[%clk 0:02:02]} 78. Kc7 {[%clk 0:50:13]} Ke7 {[%clk
0:01:24]} 79. Nc6+ {[%clk 0:49:55]} Ke6 {[%clk 0:01:41]} 80. Nb4 {[%clk 0:49:52]}
h5 {[%clk 0:01:13]} 81. h3 {[%clk 0:49:36]} hxg4 {[%clk 0:01:07]} 82. hxg4 {[%clk
0:49:52]} Kf7 {[%clk 0:00:51]} 83. Kd6 {[%clk 0:50:11]} Be4 {[%clk 0:00:56]} 84.
fxe4 {[%clk 0:50:13]} dxe4 {[%clk 0:01:20]} 85. Nc2 {[%clk 0:50:22]} Kf6 {[%clk
0:01:43]} 86. d5 {[%clk 0:50:27]} Kf7 {[%clk 0:02:04]} 87. Ke5 {[%clk 0:50:33]}
Ke7 {[%clk 0:02:26]} 88. Kxe4 {[%clk 0:50:53]} Kd6 {[%clk 0:02:51]} 89. Kd4
{[%clk 0:51:07]} Kd7 {[%clk 0:03:13]} 90. Kc5 {[%clk 0:51:17]} Kc7 {[%clk
0:03:35]} 91. d6+ {[%clk 0:51:14]} Kd7 {[%clk 0:04:04]} 92. Nd4 {[%clk 0:51:17]}
Kd8 {[%clk 0:04:26]} 93. Kc6 {[%clk 0:51:21]} Kc8 {[%clk 0:04:53]} 94. Ne6 {[%clk
0:51:25]} Kb8 {[%clk 0:05:10]} 95. d7 {[%clk 0:51:34]} Ka7 {[%clk 0:05:34]} 96.
d8=Q {[%clk 0:51:04]} Ka6 {[%clk 0:05:32]} 97. Qb6# {[%clk 0:51:21]} 1-0

[Event "Irena Warakomska Memorial B"]
[Site "Suwalki"]
[Date "2020.08.10"]
[Round "6"]
[White "Walendykiewicz, Martyna"]
[Black "Pieczulis, Blazej"]
[Result "0-1"]
[Board "22"]
[WhiteElo "1181"]
[WhiteCountry "POL"]
[WhiteFideId "21832927"]
[WhiteEloChange "-2"]
[BlackElo "1595"]
[BlackCountry "POL"]
[BlackFideId "21840970"]
[BlackEloChange "2"]

1. e4 {[%clk 1:30:30]} e6 {[%clk 1:30:30]} 2. d4 {[%clk 1:30:30]} d5 {[%clk
1:30:30]} 3. Nc3 {[%clk 1:30:30]} Nf6 {[%clk 1:30:30]} 4. Bg5 {[%clk 1:30:30]}
Bb4 {[%clk 1:30:30]} 5. e5 {[%clk 1:30:30]} h6 {[%clk 1:30:30]} 6. exf6 {[%clk
1:30:30]} hxg5 {[%clk 1:30:30]} 7. fxg7 {[%clk 1:30:30]} Rg8 {[%clk 1:30:30]} 8.
Ne2 {[%clk 1:30:30]} Qf6 {[%clk 1:30:30]} 9. Qd3 {[%clk 1:30:30]} Nc6 {[%clk
1:30:30]} 10. a3 {[%clk 1:30:30]} Ba5 {[%clk 1:30:30]} 11. f3 {[%clk 1:30:30]}
Bd7 {[%clk 1:30:30]} 12. O-O-O {[%clk 1:30:30]} O-O-O {[%clk 1:30:30]} 13. Kb1
{[%clk 1:30:30]} Rxg7 {[%clk 1:30:30]} 14. Nc1 {[%clk 1:30:30]} Rh8 {[%clk
1:30:30]} 15. Nb3 {[%clk 1:30:30]} Bb6 {[%clk 1:30:30]} 16. Na4 {[%clk 1:30:30]}
Rgh7 {[%clk 1:30:30]} 17. Nxb6+ {[%clk 1:30:30]} axb6 {[%clk 1:30:30]} 18. h3
{[%clk 1:30:30]} Ne7 {[%clk 1:30:30]} 19. Qd2 {[%clk 1:30:30]} Rh4 {[%clk
1:30:30]} 20. Ka2 {[%clk 1:30:30]} Nf5 {[%clk 1:30:30]} 21. Be2 {[%clk 1:30:30]}
Nd6 {[%clk 1:30:30]} 22. Qe3 {[%clk 1:30:30]} Ba4 {[%clk 1:30:30]} 23. Qe5 {[%clk
1:30:30]} Bxb3+ {[%clk 1:30:30]} 24. cxb3 {[%clk 1:30:30]} Qxe5 {[%clk 1:30:30]}
25. dxe5 {[%clk 1:30:30]} Nf5 {[%clk 1:30:30]} 26. Rhg1 {[%clk 1:30:30]} Kd7
{[%clk 1:30:30]} 27. Rd2 {[%clk 1:30:30]} c5 {[%clk 1:30:30]} 28. Bb5+ {[%clk
1:30:30]} Ke7 {[%clk 1:30:30]} 29. Be2 {[%clk 1:30:30]} Nd4 {[%clk 1:30:30]} 30.
Rgd1 {[%clk 1:30:30]} Nc6 {[%clk 1:30:30]} 31. Re1 {[%clk 1:30:30]} Nxe5 {[%clk
1:30:30]} 32. Bf1 {[%clk 1:30:30]} Kd6 {[%clk 1:30:30]} 33. Kb1 {[%clk 1:30:30]}
Nc6 {[%clk 1:30:30]} 34. g4 {[%clk 1:30:30]} Nd4 {[%clk 1:30:30]} 35. Rd3 {[%clk
1:30:30]} e5 {[%clk 1:30:30]} 36. Bg2 {[%clk 1:30:30]} Rc8 {[%clk 1:30:30]} 37.
Rc3 {[%clk 1:30:30]} Rhh8 {[%clk 1:30:30]} 38. Kc1 {[%clk 1:30:30]} b5 {[%clk
1:30:30]} 39. Kd2 {[%clk 1:30:30]} c4 {[%clk 1:30:30]} 40. bxc4 {[%clk 1:30:30]}
bxc4 {[%clk 1:30:30]} 41. Bf1 {[%clk 1:30:30]} Nb3+ {[%clk 1:30:30]} 42. Kd1
{[%clk 1:30:30]} b5 {[%clk 1:30:30]} 43. Rce3 {[%clk 1:30:30]} f6 {[%clk
1:30:30]} 44. Kc2 {[%clk 1:30:30]} d4 {[%clk 1:30:30]} 45. Rd1 {[%clk 1:30:30]}
Kc5 {[%clk 1:30:30]} 46. Ree1 {[%clk 1:30:30]} d3+ {[%clk 1:30:30]} 47. Kc3
{[%clk 1:30:30]} Nd4 {[%clk 1:30:30]} 48. Re3 {[%clk 1:30:30]} Ne6 {[%clk
1:30:30]} 49. Rc1 {[%clk 1:30:30]} Nf4 {[%clk 1:30:30]} 50. Rce1 {[%clk 1:30:30]}
Nd5+ {[%clk 1:30:30]} 51. Kd2 {[%clk 1:30:30]} Nxe3 {[%clk 1:30:30]} 52. Rxe3
{[%clk 1:30:30]} b4 {[%clk 1:30:30]} 53. axb4+ {[%clk 1:30:30]} Kxb4 {[%clk
1:30:30]} 54. Re4 {[%clk 1:30:30]} 0-1